Triết học và đổi mới
Các bài viết trong cuốn sách thể hiện chính kiến, quan điểm và những suy nghĩ của tác giả về vấn đề lý luận và thực tiễn mang tính cấp bách hiện nay: đổi mới trong quan hệ với triết học. Trong một số nội dung, tác giả đã có cách tiếp...
Đã lưu trong:
| 主要作者: | |
|---|---|
| 格式: | 图书 |
| 语言: | Undetermined |
| 出版: |
Hà Nội
Chính trị Quốc gia
2008
|
| 主题: | |
| 标签: |
添加标签
没有标签, 成为第一个标记此记录!
|
| Thư viện lưu trữ: | Trung tâm Học liệu Trường Đại học Cần Thơ |
|---|
| LEADER | 01687nam a2200205Ia 4500 | ||
|---|---|---|---|
| 001 | CTU_139984 | ||
| 008 | 210402s9999 xx 000 0 und d | ||
| 020 | |c 25000 | ||
| 082 | |a 146.32 | ||
| 082 | |b H307 | ||
| 100 | |a Dương, Phú Hiệp | ||
| 245 | 0 | |a Triết học và đổi mới | |
| 245 | 0 | |c Dương Phú Hiệp | |
| 260 | |a Hà Nội | ||
| 260 | |b Chính trị Quốc gia | ||
| 260 | |c 2008 | ||
| 520 | |a Các bài viết trong cuốn sách thể hiện chính kiến, quan điểm và những suy nghĩ của tác giả về vấn đề lý luận và thực tiễn mang tính cấp bách hiện nay: đổi mới trong quan hệ với triết học. Trong một số nội dung, tác giả đã có cách tiếp cận riêng của mình như: đánh giá về nguyên nhân của sự lạc hậu về nhận thức lý luận, về hình thức sở hữu trong chủ nghĩa xã hội, vấn đề đảng viên làm kinh tế tư nhân, vấn đề đổi mới nhận thức về thế giới... Cuốn sách cung cấp cho bạn đọc thêm tài liệu tham khảo về đường lối, chính sách của Đảng trong thời kỳ đổi mới, đồng thời là một đóng góp vào mục tiêu hướng đến sự phát triển bền vững của Việt Nam | ||
| 650 | |a Dialectical materialism,Philosophy,Triết học duy vật biện chứng,Triết học | ||
| 904 | |i Hạ Nguyên | ||
| 980 | |a Trung tâm Học liệu Trường Đại học Cần Thơ | ||